Sinnamary - Choix multiples - Statistiques

Statistiques générales
  • Ce quiz a été pris 5 fois
  • Le résultat moyen est 9 sur 10
Statistiques - réponses
Question Réponse % Correct
Le Sinnamary est également un fleuve qui se jette dans l'océan à Sinnamary. Parmi les propositions suivantes, que ne peut-on pas trouver dans les eaux du fleuve ? Des saumons
100%
Dans quel D.O.M.-T.O.M. se situe Sinnamary ? La Guyane
100%
Comment appelle-t-on les forêts amphibies de palétuviers que l'on trouve dans des zones tropicales ou subtropicales comme, par exemple, sur la commune de Sinnamary ? La mangrove
100%
Comment appelle-t-on le plat typique de ce D.O.M.-T.O.M. qui dans sa variante sinnamarienne est un plat de bœuf ? La pimentade
100%
Quel océan borde Sinnamary ? L'océan Atlantique
100%
Parmi les images suivantes, reconnaissez-vous l'église de Sinnamary après rénovation ?
75%
Quelle organisation intergouvernementale européenne a son centre s'étendant en partie sur la commune de Sinnamary ? L'Agence spatiale européenne
75%
Comment qualifiait-on les prêtres qui sous le Directoire entre 1797 et 1799 furent massivement déportés notamment vers le bagne de Sinnamary ? Les prêtres réfractaires
75%
Quel chef chouan a réussi une évasion spectaculaire du bagne de Sinnamary avec 12 compagnons d'évasion, le 12 mai 1799, et a repris le combat à son retour en métropole ? Pierre Taupin
75%
Quelle est la devise de Sinnamary qui montre que la ville est ou a été très pieuse ? Nihil sine Maria (Rien sans Marie)
50%
Aucun quiz correspondant
Distribution des résultats
% des personnes avec chaque résultat
Percentile par nombre de réponses
Votre historique - résultats
Vous n’avez pas pris ce quiz